The rational use of dyes in biology and general staining methods. (Record no. 7487)
[ view plain ]
| 000 -LEADER | |
|---|---|
| fixed length control field | 00754nam a22002531 4500 |
| 001 - CONTROL NUMBER | |
| JCCL Control Number | 7487 |
| 003 - CONTROL NUMBER IDENTIFIER | |
| JCCL marc code | BD-JhCC |
| 005 - DATE AND TIME OF LATEST TRANSACTION | |
| control field | 20180211100639.0 |
| 008 - FIXED-LENGTH DATA ELEMENTS--GENERAL INFORMATION | |
| fixed length control field | 850515s1965 mdua b 000 0 eng |
| 035 ## - SYSTEM CONTROL NUMBER | |
| system control number | (BD-JhCC)7487 |
| 040 ## - CATALOGING SOURCE | |
| Original cataloging agency | DLC/ICU |
| Transcribing agency | ICU |
| Modifying agency | DLC |
| -- | BD-JhCC |
| 041 ## - LANGUAGE CODE | |
| Language code of Book | eng |
| 050 00 - LIBRARY OF CONGRESS CALL NUMBER | |
| Classification number | QH237 |
| Item number | .G865 |
| 082 00 - DEWEY DECIMAL CLASSIFICATION NUMBER | |
| Classification number | 578.64 |
| Author mark and Year | GUR 1965 |
| 100 1# - MAIN ENTRY--PERSONAL NAME | |
| Personal name | Gurr, Edward. |
| 245 14 - TITLE STATEMENT | |
| Title | The rational use of dyes in biology and general staining methods. |
| Statement of responsibility, etc | Edward Gurr, Foreword by M.A. MacConaill. |
| 260 ## - PUBLICATION, DISTRIBUTION, ETC. (IMPRINT) | |
| Place of publication, distribution, etc | Baltimore, |
| Name of publisher, distributor, etc | Williams and Wilkins, |
| Date of publication, distribution, etc | 1965. |
| 300 ## - PHYSICAL DESCRIPTION | |
| Pagination | xii, 422 p. |
| Other physical details | illus. |
| Dimensions | 25 cm. |
| 504 ## - BIBLIOGRAPHY, ETC. NOTE | |
| Bibliography, etc | Bibliography: p. 375-387. |
| 650 #0 - SUBJECT ADDED ENTRY--TOPICAL TERM | |
| Topical term or geographic name as entry element | Stains and staining (Microscopy) |
| 700 ## - ADDED ENTRY--PERSONAL NAME | |
| Personal name | MacConaill, M.A. |
| 942 ## - ADDED ENTRY ELEMENTS (KOHA) | |
| Source of classification or shelving scheme | Dewey Decimal Classification |
| Koha item type | Books |
| Source of classification or shelving scheme | Damaged status | Not for loan | Home library | Current library | Shelving location | Total Checkouts | Full call number | Barcode | Date last seen | Copy number | Koha item type |
|---|---|---|---|---|---|---|---|---|---|---|---|
| Dewey Decimal Classification | JCC Rouf Library | JCC Rouf Library | General Stacks | 578.64 GUR 1965 | 10111 | 02/10/2018 | C - 1 | Books |